Cultura y educación: parte histórica

Guardat en:
Dades bibliogràfiques
Autor principal: Spranger, Eduard (Autor)
Format: Llibre
Idioma:espanyol
Publicat: Buenos Aires Espasa-Calpe 1948
Col·lecció:Colección Austral, 824
Matèries:
Etiquetes: Afegir etiqueta
Sense etiquetes, Sigues el primer a etiquetar aquest registre!

MARC

LEADER 00000cam a2200000 a 4500
001 UCW7333
003 CL-VaPUC
008 921028e19480000AG |||||||||||||||||spa|d
082 0 4 |a 370.1  |b SPR  |2 21 
100 0 |a Spranger, Eduard  |e author  |9 312483 
245 1 0 |a Cultura y educación: parte histórica 
300 |a 162 p 
942 |c BK 
945 |d 19921028 00:00:00 
260 |a Buenos Aires  |b Espasa-Calpe  |c 1948 
650 0 |a Filosofía de la educación   |9 258384 
650 0 |a Historia de la educación   |9 257642 
583 |a last modification  |c 20170913 01:23:30  |k Rodrigo Vera 
490 0 |a Colección Austral, 824 
999 |c 220124  |d 220122 
952 |0 0  |1 0  |4 0  |6 370_100000000000000_SPR_1948  |7 0  |8 P  |9 211938  |a BIBEDU  |b BIBEDU  |c BIBEDU_PB  |d 2019-11-15  |i 2801647  |o 370.1 SPR 1948  |p 2801647  |r 2024-01-25  |w 2019-11-15  |y BK  |k EDU 
952 |0 0  |1 0  |4 0  |6 370_100000000000000_SPR_1948  |7 0  |8 P  |9 211939  |a BIBEDU  |b BIBEDU  |c BIBEDU_PB  |d 2019-11-15  |i 2801655  |o 370.1 SPR 1948  |p 2801655  |r 2024-01-25  |w 2019-11-15  |y BK  |k EDU 
952 |0 0  |1 0  |4 0  |6 370_100000000000000_SPR_1948  |7 0  |8 P  |9 211940  |a BIBEDU  |b BIBEDU  |c BIBEDU_PB  |d 2019-11-15  |i 1401599  |o 370.1 SPR 1948  |p 1401599  |r 2024-01-25  |w 2019-11-15  |y BK  |k LIT 
952 |0 0  |1 0  |3 erb  |4 0  |6 370_100000000000000_SPR_1948  |7 0  |8 P  |9 211941  |a BIBEDU  |b BIBEDU  |c BIBEDU_PB  |i 5158605  |o 370.1 SPR 1948  |p 5158605  |r 2024-01-25  |w 2019-11-15  |y BK  |z Catalogado en:20150409  |k EDU